N°1 DJ of all Top 100 DJMAG - Statistics

General Stats
  • This quiz has been taken 31 times
  • The average score is 5 of 26
Answer Stats
Hint Answer % Correct
2011 David Guetta
48%
2021 David Guetta
43%
2020 David Guetta
39%
2017 Martin Garrix
30%
2018 Martin Garrix
30%
2022 Martin Garrix
30%
2007 Armin Van Buuren
26%
2008 Armin Van Buuren
26%
2009 Armin Van Buuren
26%
1997 Carl Cox
26%
2016 Martin Garrix
26%
2010 Armin Van Buuren
22%
2019 Dimitri Vegas Like Mike
22%
1999 Paul Oakenfold
22%
2012 Armin Van Buuren
17%
2004 Tiesto
17%
2015 Dimitri Vegas Like Mike
13%
2013 Hardwell
13%
2014 Hardwell
13%
2002 Tiesto
13%
1998 Paul Oakenfold
9%
2006 Paul Van Dyk
9%
2003 Tiesto
9%
2005 Paul Van Dyk
4%
2001 John Digweed
0%
2000 Sasha
0%
No matching quizzes found
Score Distribution
Percent of People with Each Score
Percentile by Number Answered
Your Score History
You have not taken this quiz